Statistics for Sammy's Top 30 Artists, May 2020

Click here to take the quiz!

General Stats

  • This quiz has been taken 7 times
  • The average score is 1 of 40

Answer Stats

RankAnswer% Correct
25Astrid S
100%
2Taylor Swift
29%
18AJR
0%
Honorable MentionAlan Walker
0%
19A R I Z O N A
0%
26Avicii
0%
3Ben Rector
0%
Honorable MentionBetty Who
0%
15Bob Marley
0%
11Built By Titan
0%
28Cash Cash
0%
13Clean Bandit
0%
30Dagny
0%
4Drew Holcomb & The Neighbors
0%
29Ellie Goulding
0%
5Galantis
0%
Honorable MentionGryffin
0%
Honorable MentionHunter Hayes
0%
Honorable MentionImagine Dragons
0%
16Jimmy Buffett
0%
7John Denver
0%
23Julia Michaels
0%
22Kygo
0%
14Lauv
0%
21Marshmello
0%
12Michael Franti & Spearhead
0%
Honorable MentionNF
0%
20NOTD
0%
Honorable MentionOlivia O'Brien
0%
1Owl City
0%
10Quinn XCII
0%
Honorable MentionRachel Platten
0%
9Seeb
0%
24Sia
0%
Honorable MentionSigala
0%
8Sigrid
0%
17Sleeping At Last
0%
Honorable MentionSwimming With Dolphins
0%
27The Chainsmokers
0%
6Zedd
0%

Score Distribution

Percentile by Number Answered

Percent of People with Each Score

Your Score History

You have not taken this quiz